003020000a220007300045001000019000002450132000193000044001517730033001951 aBreivik, N. O.10aGod, reality and teligions : The understanding of God and reality in other religions and some assessments of their truth claims aVol. 4, Núm 1 (1995), Páginas 45-530 tEuropean Journal of Theology